00890nam a22002417a 450000500170000001000130001702000100003003500130004003700160005304000120006908200170008110000250009824501130012326000450023627000500028130000250033150000190035665000400037565000520041594200260046799900190049395201360051220170124110157.0 aA-904926 c00.00 aA-904926 bCen Lib/Ret aDPLbEN a025.523bRAI aRaina, Roshan935380 aLibrary resource sharing and networking : cby Roshan Rainaban approach among management schools in India / aNew Delhi bVikas Publishing Housec1997 bNew Delhi e110014a576 Masjid Road, Jangpura axxi,192p. c22cm(Hb) aIncludes index aLibrary cooperation -- India935381 aLibrary information networks -- Indiav 935382 2ddccENh025.523mRAI c132654d132654 00104070aLbLd2015-07-23eCen Lib/Retg0.00l1o025.523 RAIpA-904926r2017-11-13 00:00:00s2017-10-27t1v0.00w2015-07-23yEN